00446nmm a2200169Ia 4500008004100000020001800041041000800059100001700067245002100084264004400105300001800149490002200167650001200189856005100201942000700252999001700259251105s9999||||xx |||||||||||||||||und|| a9788467172461 aspa aFrazier, Amy 0aPor una historia a[Madrid, España] :bHarlequin, c2010 a256 páginas aHarlequin Romance aRomance uhttps://public.digitaliapublishing.com/a/49929 cCF c83544d83544